| 000 | 00785nam a22002177a 4500 | ||
|---|---|---|---|
| 005 | 20250825122401.0 | ||
| 008 | 250825b |||||||| |||| 00| 0 eng d | ||
| 037 | _cREF | ||
| 040 |
_aCRL _cCRL |
||
| 041 |
_2eng _aeng _hmar |
||
| 084 |
_aV28154 155R1.5 (RR) _qCRL |
||
| 245 | _aMaheshwar darbarchi batamipatre | ||
| 260 |
_aMumbai, India: _bMaharashtra Rajya Sahitya Aani Sanskriti Mandal, _c2021. |
||
| 300 | _a(Vol. 5) (1p.-476p.) | ||
| 365 |
_b624.00 _cINR |
||
| 650 | _aHistory | ||
| 650 | _aIndia History | ||
| 700 |
_aParasnees, Dattatray Balwant _eeditor. _9818754 |
||
| 942 |
_2CC _cREF _hV28154 155R1.5 (RR) _n0 |
||
| 999 |
_c1434856 _d1434856 |
||